000 00678nam a2200217 i 4500
001 181860
003 ES-MaACL
005 20240423123210.0
008 130503s2011 sp a | |||||||| | spa d
020 _a978-84-9895-075-5
080 _a821.134.2-14"19"
100 1 _aGrande, Félix,
_d1937-2014
_959584
245 1 0 _aLibro de familia /
_cFélix Grande.
260 _aMadrid :
_bVisor Libros,
_cD.L. 2011.
300 _a155 p. ;
_c23 cm.
490 1 _aPalabra de honor ;
_vn. 16
830 0 _aPalabra de honor ;
_vn. 16
_9191132
852 _aES-MaACL
_jN-5675
_9188768
_bR.148621
_cDEPO1
_dOlim: N-5675
942 _2udc
_cMONOGRAFIA
999 _c181860
_d181860